Libro Pre-Primario de Lectura

Gespeichert in:
Bibliographische Detailangaben
1. Verfasser: Aguirregaviria, J. V.
Format: Buch
Sprache:Spanisch
Erschienen: La Habana Imprenta P. Fernández y Cía 1935
Katalog:MANES:  Suchergebnis im Bibliothekskatalog
Schulbuchspezifische Eigenschaften:
Schriftenreihe:Colección Sembrador
Tags: Tag hinzufügen
Keine Tags, Fügen Sie den ersten Tag hinzu!
Hinzugefügt zu:09.11.2022
Geändert in:09.04.2025

MARC

LEADER 00000nam a22000007a 4500
005 20250409204233.0
008 221110b |||||||| |||| 00| 0 spa d
040 |a centro_manes  |c Cuba 
100 |9 42786  |a Aguirregaviria, J. V. 
245 |a Libro Pre-Primario de Lectura 
260 |a La Habana  |b Imprenta P. Fernández y Cía   |c 1935 
300 |a 104 p. 
440 |a Colección Sembrador  |9 42787 
521 |a Edición ilustradas con grabados a color 
546 |a Cuba 
561 |5 cu-CUMARTI  |a Cuba. Biblioteca Nacional José Martí  |k MANES 
690 0 |a EyL 
691 0 |a PRI 
942 |2 ddc  |c BK 
999 |c 99813  |d 99813 
999 |c manes:99813  |d 99813